000 00310nam a22001457a 4500
008 210426b ||||| |||| 00| 0 eng d
020 _a9780871975065
041 _aeng
080 _a37
082 _a37
100 _a46
101 _aEDU
245 _aStudent Handbook
_cKaren. C. Tilton
942 _2udc
_cBK
999 _c56717
_d56717